| 000 | 01039cam a2200325 4500 | ||
|---|---|---|---|
| 999 |
_c28874 _d28845 |
||
| 001 | 2656875 | ||
| 003 | EG-ScBUE | ||
| 005 | 20200928140535.0 | ||
| 008 | 711203s1971 enk f b 000 0 eng d | ||
| 020 | _a0140522859 | ||
| 040 |
_aDLC _beng _erda _cDLC _dDLC _dEG-ScBUE |
||
| 043 | _ae-uk-en | ||
| 082 | 0 | 4 |
_a309.26209421 _bPLA _222 |
| 245 | 0 | 0 |
_aPlanning for London / _cedited by Judy Hillman. |
| 264 | 1 |
_aMiddlesex, England : _bPenguin Books Ltd, _c1971. |
|
| 300 |
_a150 pages ; _c18 cm. |
||
| 336 |
_2rdacontent _atext _btxt |
||
| 337 |
_2rdamedia _aunmediated _bn |
||
| 338 |
_2rdacarrier _avolume _bnc |
||
| 350 | _a£0.30 | ||
| 490 | 0 | _aa Penguin special | |
| 504 | _aIncludes bibliographical references. | ||
| 650 | 7 |
_aRegional planning _zEngland _zLondon Metropolitan Area. _2BUEsh |
|
| 650 | 7 |
_aCity planning _zEngland _zLondon. _2BUEsh |
|
| 653 |
_bGGEN _cSeptember2020 |
||
| 655 |
_vReading book _934232 |
||
| 700 | 1 |
_aHillman, Judy, _eeditor. _927205 |
|
| 906 |
_a7 _bcbc _corignew _d3 _encip _f19 _gy-gencatlg |
||
| 942 |
_2ddc _cBB |
||